| 000 | 00474nam a2200169Ia 4500 | ||
|---|---|---|---|
| 999 |
_c29607 _d29607 |
||
| 003 | OSt | ||
| 005 | 20201231100646.0 | ||
| 008 | 190216s9999||||xx |||||||||||||| ||und|| | ||
| 040 | _coclc | ||
| 082 |
_a920 _bPRA/G |
||
| 100 |
_aPradeepan, K _98004 |
||
| 245 | 0 |
_aGandhidarsanathinte Varthamanam / _cK Pradeepan |
|
| 260 |
_bSamayam Publications, _aKannur: _c2007. |
||
| 300 | _a117p | ||
| 650 | _aPadanam | ||
| 942 |
_cBK _2ddc _h920 _iPRA/G _k920 _mPRA/G |
||